LEADER 01345nam a2200301 u 4500 001 000000051000 003 CaOOAMICUS 005 20070226115304.0 008 000906s1999 it u000 u ita u 020 $a8814077681 035 $a10854702 040 $aPUL$bita 100 1 $aMannoni, Stefano.$0(OLS)http://pul/name/36645 245 10$aPotenza e ragione :$bla scienza del diritto internazionale nella crisi dell'equilibrio europeo (1870-1914) /$cStefano Mannoni. 260 $aMilano :$bA. Giuffrè,$c1999. 300 $a274 p. ;$c23 cm 490 1 $aPer la storia del pensiero giuridico moderno ;$v54 500 $aContiene indici. 504 $aBibliografia in nota. 650 4$aDiritto internazionale$zEuropa.$0(OLS)http://pul/subject/21421 830 0$aPer la storia del pensiero giuridico moderno ;$v54.$0(OLS)http://pul/title/10657 850 $aPUL 852 $aPUL$W1$xDP2 Diritto Canonico 1$y64$m166 H 54$j67611$nBK-PRI$qStampati$B67611$CPULBib$Z2$F67611 $H82583 $82 941 1 $a8 961 $aINV: 82583 996 $6020$a8814077681$9(OLS)http://pul/number/64525 996 $6245$aPotenza e ragione :$bla scienza del diritto internazionale nella crisi dell'equilibrio europeo (1870-1914)$9(OLS)http://pul/title/68590 996 $6260$aMilano :$bA. Giuffrè$9(OLS)http://pul/publisher/48096 LEADER 01311nam a2200313 u 4500 001 000000066382 003 CaOOAMICUS 005 20070226121553.0 008 020111s1996 it u000 u ita u 020 $a8842048577 035 $a10916306 040 $aPUL(R)$bita 100 1 $aFumagalli Beonio Brocchieri, Mariateresa,$d1933-$0(OLS)http://pul/name/2070 245 10$aStoria della filosofia medioevale :$bda Boezio a Wyclif /$cMt. Fumagalli Beonio Brocchieri, M. Parodi. 260 $aRoma :$bLaterza,$c1996. 300 $axix, 500 p. ;$c21 cm 490 1 $aEconomica Laterza ;$v77 500 $aContiene indici. 504 $a"Nota bibliografica": p. [465]-492. 650 4$aFilosofia medievale$xStoria.$0(OLS)http://pul/subject/1800 700 1 $aParodi, Massimo,$d1948-$0(OLS)http://pul/name/2071 830 0$aEconomica Laterza ;$v77.$0(OLS)http://pul/title/39309 850 $aPUL 852 $aPUL$W1$xSL Filosofia 1$y2$m97 H 45$j85825$nBK-PRI$b $qStampati$B85825$CPULBib$Z2$F85825 $H $81 941 1 $a8 961 $aINV: 75254 996 $6020$a8842048577$9(OLS)http://pul/number/86117 996 $6245$aStoria della filosofia medioevale :$bda Boezio a Wyclif$9(OLS)http://pul/title/2850 996 $6260$aRoma :$bLaterza$9(OLS)http://pul/publisher/47864